000
00206 a2200097 4500
001
10478
100
_a
Shigemitsu, M.
245
_a
Japan and her destiny
260
_a
_b
Hutchinson
_c
090
_c
8097
_d
8097
942
_a
NUST-CAE
_c
M
_c
34819
999
_c
245551
_d
245551